[Event "Da Qing U20 op-B"]
[Site "Da Qing"]
[Date "2019.01.22"]
[Round "5"]
[White "Chen, Tzi Xuen"]
[Black "Ho, Chen Ee"]
[Result "0-1"]
[WhiteElo "1371"]
[BlackElo "1744"]
[PlyCount "106"]
[EventDate "2019.01.20"]
[EventType "swiss"]
[EventRounds "9"]
[EventCountry "CHN"]
[SourceTitle "CBM 188 Extra"]
[Source "ChessBase"]
[SourceDate "2019.02.26"]
[SourceVersion "1"]
[SourceVersionDate "2019.02.26"]
[SourceQuality "1"]

1. d4 d5 2. c4 e6 3. Nf3 Nf6 4. g3 Bb4+ 5. Bd2 Be7 6. Bg2 0-0 7. cxd5 exd5 8. 0-0 c6 9. Qc2 Ne4 10. Nc3 Bf5 11. Qb3 Qb6 12. Bf4 Re8 13. Rfe1 Nd7 14. h3 h6 15. Qxb6 Nxb6 16. a3 g5 17. Bc1 Bd6 18. Nxe4 dxe4 19. Nh2 e3 20. Bxe3 Bxg3 21. fxg3 Rxe3 22. Nf1 Rb3 23. e4 Be6 24. Re2 Bc4 25. Rd2 Bxf1 26. Bxf1 Rxg3+ 27. Kf2 Rb3 28. d5 cxd5 29. exd5 Rd8 30. d6 Nd7 31. Rad1 Rb6 32. Bg2 Kf8 33. a4 Nf6 34. Kg3 Rb3+ 35. Kh2 Rb4 36. Rf1 Ne4 37. Re2 Nxd6 38. a5 Rb5 39. Rd1 Rxa5 40. Red2 Ke7 41. Re1+ Kf6 42. Rf1+ Rf5 43. Rfd1 Ke7 44. Re1+ Kf8 45. Red1 Rf6 46. Rc1 Re8 47. Rc7 Re7 48. Rcc2 Kg7 49. Rc1 Ne4 50. Re2 Rf2 51. Rce1 Rxe2 52. Rxe2 f5 53. Kh1 Ng3+ 0-1

[Event "Da Qing U20 op-B"]
[Site "Da Qing"]
[Date "2019.01.22"]
[Round "6"]
[White "Ho, Chen Ee"]
[Black "Zhai, Pinran"]
[Result "1/2-1/2"]
[WhiteElo "1744"]
[BlackElo "1629"]
[PlyCount "61"]
[EventDate "2019.01.20"]
[EventType "swiss"]
[EventRounds "9"]
[EventCountry "CHN"]
[SourceTitle "CBM 188 Extra"]
[Source "ChessBase"]
[SourceDate "2019.02.26"]
[SourceVersion "1"]
[SourceVersionDate "2019.02.26"]
[SourceQuality "1"]

1. d4 d5 2. Nf3 Nf6 3. c4 dxc4 4. e3 e6 5. Bxc4 c5 6. 0-0 Nc6 7. Nc3 Be7 8. dxc5 Qxd1 9. Rxd1 Bxc5 10. a3 a6 11. b4 Be7 12. Bb2 0-0 13. Rac1 b5 14. Bd3 Bb7 15. Ba1 Kh8 16. Ne2 Rac8 17. Ned4 Nxd4 18. Nxd4 Bd5 19. f3 Rfd8 20. e4 Bb7 21. Bf1 h6 22. Nb3 Kg8 23. Rxd8+ Bxd8 24. Rxc8 Bxc8 25. Bd4 Kf8 26. Kf2 Ke7 27. Bc5+ Kd7 28. Ke3 Ne8 29. Bd3 Bf6 30. Nd4 Nc7 31. f4 1/2-1/2

[Event "Johor op 5th"]
[Site "Johor"]
[Date "2018.12.12"]
[Round "4"]
[White "Ho, Chen Ee"]
[Black "Chen, Kailin"]
[Result "0-1"]
[WhiteElo "1751"]
[BlackElo "2016"]
[PlyCount "96"]
[EventDate "2018.12.10"]
[EventType "swiss"]
[EventRounds "9"]
[EventCountry "MAS"]
[SourceTitle "CBM 187 Extra"]
[Source "ChessBase"]
[SourceDate "2018.11.04"]
[SourceVersion "1"]
[SourceVersionDate "2018.11.04"]
[SourceQuality "1"]

1. d4 Nf6 2. Nf3 e6 3. c4 d5 4. g3 Be7 5. Bg2 0-0 6. Qc2 b6 7. 0-0 Bb7 8. b3 Nbd7 9. Bb2 Rc8 10. Nbd2 c5 11. Rac1 dxc4 12. Qxc4 cxd4 13. Qxd4 Bc5 14. Qd3 Qe7 15. Rfd1 Rfd8 16. Qb1 Nf8 17. e3 h6 18. Nc4 Ng6 19. Qa1 Ne8 20. a3 a5 21. Nd4 Bxg2 22. Kxg2 e5 23. Nf5 Qb7+ 24. Kg1 f6 25. Qb1 Nf8 26. Bc3 Ne6 27. Rxd8 Rxd8 28. b4 axb4 29. Bxb4 Bxb4 30. axb4 Ng5 31. Nh4 b5 32. Na5 Nh3+ 33. Kf1 Qd5 34. Qb3 Qxb3 35. Nxb3 Rd3 36. Rb1 Nd6 37. f4 exf4 38. exf4 g5 39. fxg5 hxg5 40. Ng2 Rf3+ 41. Ke1 Nc4 42. Na5 Ne5 43. Nb7 Ng4 44. Kd1 Rf2 45. Ne1 Ne3+ 46. Kc1 Re2 47. Rb3 Rxe1+ 48. Kd2 Ng2 0-1

[Event "Johor op 5th"]
[Site "Johor"]
[Date "2018.12.11"]
[Round "3"]
[White "Goh, Zi Han"]
[Black "Ho, Chen Ee"]
[Result "1/2-1/2"]
[WhiteElo "1968"]
[BlackElo "1751"]
[PlyCount "110"]
[EventDate "2018.12.10"]
[EventType "swiss"]
[EventRounds "9"]
[EventCountry "MAS"]
[SourceTitle "CBM 187 Extra"]
[Source "ChessBase"]
[SourceDate "2018.11.04"]
[SourceVersion "1"]
[SourceVersionDate "2018.11.04"]
[SourceQuality "1"]

1. d4 d5 2. c4 e6 3. Nc3 Nf6 4. cxd5 exd5 5. Bg5 Nbd7 6. e3 c6 7. Bd3 Be7 8. Nge2 0-0 9. 0-0 Re8 10. f3 Nf8 11. Qc2 Ng6 12. e4 dxe4 13. fxe4 Be6 14. Rad1 Ng4 15. Bxe7 Qxe7 16. Qc1 Rad8 17. h3 Nf6 18. Qe3 Qc7 19. Qf2 a5 20. e5 Nd5 21. Ne4 Nb4 22. Nd6 Nxd3 23. Rxd3 Rf8 24. Nc3 f6 25. Qe3 fxe5 26. Rxf8+ Rxf8 27. dxe5 Nf4 28. Rd1 Nd5 29. Nxd5 Bxd5 30. a3 b5 31. Rd2 Be6 32. Rf2 Rxf2 33. Qxf2 b4 34. Qc5 bxa3 35. bxa3 Bd5 36. Kh2 h6 37. Qd4 Be6 38. Ne4 Qd7 39. Qxd7 Bxd7 40. Nc5 Bc8 41. Kg3 Kf8 42. Nb3 Ke7 43. Kf4 g5+ 44. Ke4 Be6 45. Nxa5 Bd5+ 46. Kf5 Kf7 47. g4 c5 48. e6+ Bxe6+ 49. Ke5 h5 50. gxh5 Bxh3 51. Nb7 Kg7 52. Nxc5 Kh6 53. a4 Kxh5 54. a5 Bc8 55. Ke4 g4 1/2-1/2

[Event "Harbin U20 op"]
[Site "Harbin"]
[Date "2018.01.26"]
[Round "5"]
[White "Nithyalakshmi, Sivanesan"]
[Black "Ho, Chen Ee"]
[Result "1-0"]
[WhiteElo "1946"]
[BlackElo "1710"]
[PlyCount "77"]
[EventDate "2018.01.24"]
[EventType "tourn"]
[EventRounds "9"]
[EventCountry "CHN"]
[SourceTitle "CBM 182 Extra"]
[Source "ChessBase"]
[SourceDate "2018.02.23"]
[SourceVersion "1"]
[SourceVersionDate "2018.02.23"]
[SourceQuality "1"]

1. d4 d5 2. c4 e6 3. Nc3 Nf6 4. cxd5 exd5 5. Bg5 Be7 6. Qc2 c6 7. e3 0-0 8. Bd3 Nbd7 9. Nf3 Re8 10. 0-0 Nf8 11. Bxf6 Bxf6 12. b4 a6 13. a4 Qd6 14. Rab1 Bg4 15. Nd2 g6 16. Rfc1 Bd7 17. a5 Ne6 18. Nb3 Ng7 19. Nc5 Rab8 20. Nxd7 Qxd7 21. Na4 Ne6 22. Nc5 Qe7 23. g3 h5 24. Kg2 h4 25. Qd1 hxg3 26. hxg3 Kg7 27. Qg4 Rbd8 28. Rh1 Ng5 29. Rh2 Rh8 30. Rbh1 Rh7 31. Rxh7+ Nxh7 32. Bxg6 fxg6 33. Ne6+ Kh8 34. Nxd8 Qxd8 35. Qxg6 Qe7 36. Rxh7+ Qxh7 37. Qxf6+ Qg7 38. Qxg7+ Kxg7 39. f4 1-0

[Event "Harbin U20 op"]
[Site "Harbin"]
[Date "2018.01.24"]
[Round "2"]
[White "Ho, Chen Ee"]
[Black "Ning, Kaiyu"]
[Result "0-1"]
[WhiteElo "1710"]
[BlackElo "2157"]
[PlyCount "92"]
[EventDate "2018.01.24"]
[EventType "tourn"]
[EventRounds "9"]
[EventCountry "CHN"]
[SourceTitle "CBM 182 Extra"]
[Source "ChessBase"]
[SourceDate "2018.02.23"]
[SourceVersion "1"]
[SourceVersionDate "2018.02.23"]
[SourceQuality "1"]

1. d4 Nf6 2. Nf3 d5 3. c4 e6 4. g3 dxc4 5. Bg2 Nc6 6. Qa4 Bb4+ 7. Bd2 Nd5 8. Bxb4 Ndxb4 9. Nc3 Bd7 10. 0-0 a6 11. Ne5 b5 12. Qd1 Rb8 13. a3 Nxe5 14. axb4 Nc6 15. Bxc6 Bxc6 16. Rxa6 Ba8 17. Qd2 0-0 18. Qf4 Qe7 19. Na2 Rfd8 20. Rc1 Rd7 21. Ra3 Rbd8 22. f3 Rxd4 23. Qe3 e5 24. b3 cxb3 25. Rxb3 Bd5 26. Rb2 Bc4 27. Nc3 h6 28. Ne4 f5 29. Nd2 Qd6 30. Nxc4 bxc4 31. Rc3 Rb8 32. b5 Qc5 33. Kg2 Rxb5 34. Rxb5 Qxb5 35. Qc1 Qd5 36. Qb2 Rd2 37. Qb8+ Kh7 38. Re3 Qd4 39. Qf8 Qxe3 40. Qxf5+ Kg8 41. Qe6+ Kf8 42. Qc8+ Kf7 43. Qxc7+ Kg6 44. Qc6+ Kh7 45. Qxc4 Rxe2+ 46. Kh3 Qxf3 0-1